[Event "Ruhrgebiet Regionalliga 1718"]
[Site "Germany"]
[Date "2017.10.22"]
[Round "2.6"]
[White "Becker, Marco"]
[Black "Starp, Klaus"]
[Result "1-0"]
[WhiteElo "2018"]
[BlackElo "1928"]
[PlyCount "61"]
[EventDate "2017.10.01"]
[EventType "team-tourn"]
[EventRounds "9"]
[EventCountry "GER"]
[SourceTitle "EXT 2022"]
[Source "ChessBase"]
[SourceDate "2021.10.06"]
[SourceVersion "1"]
[SourceVersionDate "2021.10.06"]
[SourceQuality "1"]
[WhiteTeam "Horst Emscher"]
[BlackTeam "Ahlen SV"]
[WhiteTeamCountry "GER"]
[BlackTeamCountry "GER"]

1. e4 c5 2. Nf3 d6 3. c3 Nf6 4. Bc4 e6 5. d3 Be7 6. 0-0 0-0 7. Re1 Nc6 8. a3 a6 9. Nbd2 b5 10. Ba2 e5 11. Nf1 Be6 12. Ng3 Bxa2 13. Rxa2 d5 14. exd5 Qxd5 15. b3 Rad8 16. Rd2 g6 17. c4 Qd6 18. Bb2 Nd7 19. Qe2 f6 20. h4 Rfe8 21. h5 Bf8 22. hxg6 hxg6 23. Ne4 Qe7 24. Nh4 Qh7 25. Qg4 Bh6 26. Rdd1 Kg7 27. Nd6 Rh8 28. Nb7 f5 29. Nxf5+ Kf6 30. Ng3 Bf4 31. Qxf4+ 1-0

[Event "Ruhrgebiet Regionalliga 1617"]
[Site "Germany"]
[Date "2016.09.11"]
[Round "1.8"]
[White "Mustafic, Mustafa"]
[Black "Starp, Klaus"]
[Result "0-1"]
[WhiteElo "1784"]
[BlackElo "1902"]
[PlyCount "102"]
[EventDate "2016.09.11"]
[EventType "team-tourn"]
[EventRounds "9"]
[EventCountry "GER"]
[SourceTitle "EXT 2022"]
[Source "ChessBase"]
[SourceDate "2021.10.06"]
[SourceVersion "1"]
[SourceVersionDate "2021.10.06"]
[SourceQuality "1"]
[WhiteTeam "Hamm SV"]
[BlackTeam "Ahlen SV"]
[WhiteTeamCountry "GER"]
[BlackTeamCountry "GER"]

1. e4 c5 2. Bc4 e6 3. Nc3 d6 4. Nf3 Nf6 5. d4 cxd4 6. Nxd4 a6 7. a4 Be7 8. 0-0 0-0 9. Be3 Qc7 10. Qe2 Nc6 11. f3 Bd7 12. Ba2 Ne5 13. Bb3 Rac8 14. a5 Nc4 15. Bxc4 Qxc4 16. Qf2 d5 17. e5 Ne8 18. Nb3 f6 19. exf6 Nxf6 20. Bb6 e5 21. Qe1 Rfe8 22. Rc1 Bb4 23. Nd2 Bxc3 24. Nxc4 Bxe1 25. Nd6 Bb4 26. Nxe8 Bxe8 27. c3 Bc5+ 28. Bxc5 Rxc5 29. Ra1 e4 30. Kf2 Bb5 31. Rfe1 Kf7 32. Ke3 Bd3 33. h3 Ke6 34. Ra4 Kd6 35. g4 g5 36. fxe4 dxe4 37. Kd4 Nd5 38. h4 Bb5 39. Rb4 Nxb4 40. cxb4 Rc4+ 41. Ke3 Rxb4 42. hxg5 Ke5 43. Rh1 Rxb2 44. Re1 Rb3+ 45. Kd2 Kf4 46. Rh1 e3+ 47. Kc2 Ra3 48. Kb2 Rd3 49. Rxh7 e2 50. Rf7+ Kxg5 51. Re7 Rd1 0-1

[Event "Ruhrgebiet Verbandsklasse Gruppe 3 1516"]
[Site "Germany"]
[Date "2016.04.24"]
[Round "9.4"]
[White "Michalek, Christoph"]
[Black "Starp, Klaus"]
[Result "1/2-1/2"]
[WhiteElo "2063"]
[BlackElo "1903"]
[PlyCount "46"]
[EventDate "2015.09.06"]
[EventType "team-tourn"]
[EventRounds "9"]
[EventCountry "GER"]
[SourceTitle "EXT 2022"]
[Source "ChessBase"]
[SourceDate "2021.10.06"]
[SourceVersion "1"]
[SourceVersionDate "2021.10.06"]
[SourceQuality "1"]
[WhiteTeam "Eving SV Rochade"]
[BlackTeam "Ahlen SV II"]
[WhiteTeamCountry "GER"]
[BlackTeamCountry "GER"]

1. Nf3 c5 2. c4 g6 3. d4 cxd4 4. Nxd4 Bg7 5. g3 Nc6 6. Nc2 Nf6 7. Nc3 0-0 8. Bg2 d6 9. 0-0 Be6 10. b3 Qd7 11. Re1 Bh3 12. Bh1 h5 13. Bb2 h4 14. Ne3 hxg3 15. hxg3 Nh5 16. Kh2 Be5 17. Bg2 Nf4 18. gxf4 Bxf4+ 19. Kg1 Bxe3 20. fxe3 Bxg2 21. Kxg2 Qg4+ 22. Kf2 Qh4+ 23. Kg2 Qg4+ 1/2-1/2

[Event "Ruhrgebiet Verbandsklasse Gruppe 2 1415"]
[Site "Germany"]
[Date "2015.03.29"]
[Round "8.1"]
[White "Hessel, Malte"]
[Black "Starp, Klaus"]
[Result "1-0"]
[WhiteElo "1917"]
[BlackElo "1954"]
[PlyCount "75"]
[EventDate "2014.09.21"]
[EventType "team-tourn"]
[EventRounds "9"]
[EventCountry "GER"]
[SourceTitle "EXT 2022"]
[Source "ChessBase"]
[SourceDate "2021.10.06"]
[SourceVersion "1"]
[SourceVersionDate "2021.10.06"]
[SourceQuality "1"]
[WhiteTeam "Castrop Rauxel II"]
[BlackTeam "Ahlen SV"]
[WhiteTeamCountry "GER"]
[BlackTeamCountry "GER"]

1. d4 Nf6 2. Nf3 g6 3. e3 Bg7 4. Bd3 0-0 5. c3 d6 6. Nbd2 Nbd7 7. 0-0 b6 8. e4 e5 9. Re1 Bb7 10. Nf1 Re8 11. Ng3 Nf8 12. b4 a5 13. b5 N6d7 14. Bg5 Qc8 15. a4 Ne6 16. Bc4 h6 17. Be3 Qd8 18. Qd2 Kh7 19. Rad1 exd4 20. cxd4 Nf6 21. d5 Nc5 22. Bxc5 dxc5 23. e5 Ng8 24. Qf4 Rf8 25. h3 Qd7 26. Qh4 Qd8 27. Qg4 Ne7 28. d6 cxd6 29. Rxd6 Qc8 30. Qd7 Qxd7 31. Rxd7 Bxf3 32. Rxe7 Bh5 33. Nxh5 gxh5 34. Bxf7 Rad8 35. e6 Rd4 36. Bxh5 Rxa4 37. Rb7 Kh8 38. e7 1-0

[Event "Ruhrgebiet Verbandsklasse Gruppe 2 1415"]
[Site "Germany"]
[Date "2015.03.01"]
[Round "7.1"]
[White "Starp, Klaus"]
[Black "Beckmann, Klaus"]
[Result "1/2-1/2"]
[WhiteElo "1954"]
[BlackElo "1781"]
[PlyCount "73"]
[EventDate "2014.09.21"]
[EventType "team-tourn"]
[EventRounds "9"]
[EventCountry "GER"]
[SourceTitle "EXT 2022"]
[Source "ChessBase"]
[SourceDate "2021.10.06"]
[SourceVersion "1"]
[SourceVersionDate "2021.10.06"]
[SourceQuality "1"]
[WhiteTeam "Ahlen SV"]
[BlackTeam "Muelheim Nord V"]
[WhiteTeamCountry "GER"]
[BlackTeamCountry "GER"]

1. e4 c5 2. Nc3 g6 3. g3 Bg7 4. Bg2 Nc6 5. d3 Nf6 6. f4 d6 7. Nf3 e6 8. 0-0 0-0 9. h3 Rb8 10. a4 a6 11. Be3 Qc7 12. Qe1 Nb4 13. Qf2 b6 14. Ne1 d5 15. d4 c4 16. e5 Nd7 17. Nf3 Re8 18. g4 Nf8 19. Rac1 Bb7 20. f5 gxf5 21. gxf5 exf5 22. Nh4 Re6 23. Nxf5 Rg6 24. Kh1 Rd8 25. Bf3 f6 26. Bh5 fxe5 27. Bxg6 hxg6 28. Nxg7 Qxg7 29. Qf6 Nc6 30. Ne2 Re8 31. Qxg7+ Kxg7 32. Rce1 e4 33. Nf4 Ne7 34. Kh2 Nf5 35. Rg1 Nh4 36. Rgf1 Nf3+ 37. Rxf3 1/2-1/2

[Event "NRW Verbandsklasse Group1 1314"]
[Site "Nordrheinwestfalen"]
[Date "2014.02.16"]
[Round "7.3"]
[White "Starp, Klaus"]
[Black "Gross, Thomas"]
[Result "1/2-1/2"]
[WhiteElo "1948"]
[BlackElo "1922"]
[PlyCount "37"]
[EventDate "2013.09.08"]
[EventType "team-tourn"]
[EventRounds "9"]
[EventCountry "GER"]
[SourceTitle "EXT 2020"]
[Source "ChessBase"]
[SourceDate "2019.10.17"]
[SourceVersion "1"]
[SourceVersionDate "2019.10.17"]
[SourceQuality "1"]
[WhiteTeam "Ahlen SV II"]
[BlackTeam "Oberhausen SV III"]
[WhiteTeamCountry "GER"]
[BlackTeamCountry "GER"]

1. e4 e6 2. d4 d5 3. Nc3 h6 4. exd5 exd5 5. Bd3 Nc6 6. Nge2 Nb4 7. Bf4 c6 8. a3 Nxd3+ 9. Qxd3 Ne7 10. 0-0-0 Bf5 11. Qe3 Qd7 12. f3 Qe6 13. Qd2 0-0-0 14. g4 Bh7 15. Bg3 Ng6 16. h4 Bd6 17. h5 Ne7 18. Rde1 Qd7 19. Bxd6 1/2-1/2

[Event "Ruhrgebiet Verbandsliga2 1213"]
[Site "Nordrheinwestfalen"]
[Date "2013.01.13"]
[Round "5.3"]
[White "Starp, Klaus"]
[Black "Rostek, Joerg"]
[Result "1/2-1/2"]
[WhiteElo "1938"]
[BlackElo "2039"]
[PlyCount "35"]
[EventDate "2012.09.02"]
[EventType "team-tourn"]
[EventRounds "9"]
[EventCountry "GER"]
[SourceTitle "EXT 2020"]
[Source "ChessBase"]
[SourceDate "2019.10.17"]
[SourceVersion "1"]
[SourceVersionDate "2019.10.17"]
[SourceQuality "1"]
[WhiteTeam "Ahlen SV II"]
[BlackTeam "Hoentrop SG"]
[WhiteTeamCountry "GER"]
[BlackTeamCountry "GER"]

1. e4 g6 2. d4 Bg7 3. Nc3 c6 4. f4 d5 5. e5 h5 6. Be3 Nh6 7. Nf3 Bg4 8. h3 Bf5 9. Bd3 Qb6 10. Qd2 Bxd3 11. Qxd3 Qa6 12. Kd2 e6 13. a3 Qxd3+ 14. Kxd3 Nd7 15. Rag1 Nf5 16. g4 Nxe3 17. Kxe3 Ke7 18. a4 1/2-1/2

[Event "Ruhrgebiet Verbandsliga2 1213"]
[Site "Nordrheinwestfalen"]
[Date "2012.10.28"]
[Round "3.3"]
[White "Starp, Klaus"]
[Black "Melmer, Felix"]
[Result "0-1"]
[WhiteElo "1938"]
[BlackElo "1981"]
[PlyCount "104"]
[EventDate "2012.09.02"]
[EventType "team-tourn"]
[EventRounds "9"]
[EventCountry "GER"]
[SourceTitle "EXT 2020"]
[Source "ChessBase"]
[SourceDate "2019.10.17"]
[SourceVersion "1"]
[SourceVersionDate "2019.10.17"]
[SourceQuality "1"]
[WhiteTeam "Ahlen SV II"]
[BlackTeam "Gerthe Werne"]
[WhiteTeamCountry "GER"]
[BlackTeamCountry "GER"]

1. e4 c5 2. Nf3 Nc6 3. d4 cxd4 4. Nxd4 g6 5. Nxc6 bxc6 6. Bc4 Bg7 7. 0-0 e6 8. c3 d5 9. exd5 cxd5 10. Bb5+ Bd7 11. Qa4 Bxb5 12. Qxb5+ Qd7 13. Na3 a6 14. Qxd7+ Kxd7 15. Be3 Rb8 16. Rab1 Ne7 17. f3 Rb7 18. Bf4 h6 19. Rfd1 g5 20. Bg3 Rc8 21. Rd3 h5 22. Bf2 f5 23. Bd4 e5 24. Be3 f4 25. Bf2 Ke6 26. Nc2 e4 27. fxe4 dxe4 28. Nd4+ Kf7 29. Rdd1 Rd8 30. Nb3 Rxd1+ 31. Rxd1 e3 32. Be1 Rb6 33. Kf1 Kg6 34. Rd7 Bf6 35. c4 g4 36. c5 Re6 37. Rd6 Kf7 38. Rxe6 Kxe6 39. Bc3 Bxc3 40. bxc3 Nd5 41. Nd4+ Ke5 42. c6 Nc7 43. Ke2 Ke4 44. a3 Nd5 45. c4 Ne7 46. Ne6 f3+ 47. gxf3+ gxf3+ 48. Ke1 Nxc6 49. Ng5+ Kf4 50. Ne6+ Kg4 51. Kf1 h4 52. c5 Ne5 0-1

[Event "Muensterland op 30th"]
[Site "Senden"]
[Date "2012.10.10"]
[Round "6"]
[White "Starp, Klaus"]
[Black "Meertens, Martin"]
[Result "0-1"]
[WhiteElo "2029"]
[BlackElo "2160"]
[PlyCount "112"]
[EventDate "2012.10.06"]
[EventType "swiss"]
[EventRounds "9"]
[EventCountry "GER"]
[SourceTitle "EXT 2013"]
[Source "ChessBase"]
[SourceDate "2012.11.22"]
[SourceVersion "1"]
[SourceVersionDate "2012.11.22"]
[SourceQuality "1"]

1. e4 e5 2. Nf3 Nc6 3. Bb5 a6 4. Ba4 Nf6 5. d4 exd4 6. 0-0 Bc5 7. e5 Ng8 8. Bg5 Nge7 9. Nbd2 b5 10. Ne4 d6 11. Bb3 Be6 12. exd6 cxd6 13. Bxe6 fxe6 14. Qe2 Bb6 15. a4 b4 16. Ned2 Qd7 17. Rfe1 Kf7 18. Nc4 Bc5 19. Rad1 Rhe8 20. Rd3 Nf5 21. g4 Nfe7 22. c3 bxc3 23. bxc3 e5 24. Kh1 Ng6 25. cxd4 Nxd4 26. Nxd4 exd4 27. Qf3+ Kg8 28. Rxe8+ Rxe8 29. Qd5+ Kh8 30. h3 Qxa4 31. Nxd6 Bxd6 32. Qxd6 Qa2 33. Kg2 Qa5 34. Qd7 Rf8 35. Be7 Nxe7 36. Qxe7 Qd5+ 37. f3 Rd8 38. h4 a5 39. g5 Kg8 40. h5 a4 41. h6 Qd7 42. Qe5 gxh6 43. gxh6 Kf7 44. Qg7+ Ke6 45. Qg4+ Kf6 46. Qh4+ Kf7 47. Qh5+ Kf8 48. Qe5 Kf7 49. Qh5+ Ke6 50. Qg4+ Kf6 51. Qh4+ Kg6 52. f4 Qc6+ 53. Rf3 Rg8 54. Kh2 Kf7 55. Qh5+ Rg6 56. Qf5+ Kg8 0-1

[Event "Muensterland op 30th"]
[Site "Senden"]
[Date "2012.10.06"]
[Round "2"]
[White "Starp, Klaus"]
[Black "Ackermann, Hans Werner"]
[Result "0-1"]
[WhiteElo "2029"]
[BlackElo "2296"]
[PlyCount "53"]
[EventDate "2012.10.06"]
[EventType "swiss"]
[EventRounds "9"]
[EventCountry "GER"]
[SourceTitle "EXT 2013"]
[Source "ChessBase"]
[SourceDate "2012.11.22"]
[SourceVersion "1"]
[SourceVersionDate "2012.11.22"]
[SourceQuality "1"]

1. e4 c5 2. Nf3 a6 3. c3 e6 4. d4 d5 5. e5 Bd7 6. Be2 cxd4 7. cxd4 Bb5 8. Bxb5+ axb5 9. Nc3 Qd7 10. 0-0 b4 11. Ne2 Ne7 12. Qd3 Nf5 13. Bd2 h5 14. Ng3 g6 15. Nxf5 gxf5 16. Ne1 Be7 17. Nc2 Qa4 18. Rfc1 Nc6 19. Qe2 Kd7 20. Be3 Qa6 21. Qd2 Rhg8 22. Ne1 b3 23. a3 Qb6 24. Rab1 Ra4 25. Qd1 f4 26. Bxf4 Rxd4 27. Nd3 0-1

[Event "Ruhrgebiet Regionalliga 1112"]
[Site "Nordrheinwestfalen"]
[Date "2011.12.18"]
[Round "5.8"]
[White "Starp, Klaus"]
[Black "Klueting, Reiner"]
[Result "0-1"]
[WhiteElo "1952"]
[BlackElo "1896"]
[PlyCount "48"]
[EventDate "2011.09.25"]
[EventType "team-tourn"]
[EventRounds "9"]
[EventCountry "GER"]
[SourceTitle "EXT 2020"]
[Source "ChessBase"]
[SourceDate "2019.10.17"]
[SourceVersion "1"]
[SourceVersionDate "2019.10.17"]
[SourceQuality "1"]
[WhiteTeam "Ahlen SV"]
[BlackTeam "Wattenscheid SV III"]
[WhiteTeamCountry "GER"]
[BlackTeamCountry "GER"]

1. e4 d5 2. exd5 Nf6 3. d4 Nxd5 4. c4 Nb6 5. Nf3 Bg4 6. Be3 e5 7. Be2 exd4 8. Nxd4 Bb4+ 9. Nd2 Bxe2 10. Qxe2 0-0 11. 0-0-0 c5 12. Nf5 Qf6 13. Qg4 Na4 14. Qxg7+ Qxg7 15. Nxg7 Kxg7 16. Ne4 Nc6 17. a3 Ba5 18. Rd5 Bd8 19. Bxc5 Nxc5 20. Nxc5 b6 21. Ne4 Na5 22. Nd2 Rc8 23. b3 Re8 24. Kc2 Bf6 0-1

[Event "Ruhrgebiet VK2 1112"]
[Site "Nordrheinwestfalen"]
[Date "2011.11.13"]
[Round "3"]
[White "Starp, Klaus"]
[Black "Delvos, Thorsten"]
[Result "0-1"]
[WhiteElo "1921"]
[BlackElo "1944"]
[PlyCount "56"]
[EventDate "2012.09.18"]
[EventType "team-tourn"]
[EventRounds "9"]
[EventCountry "GER"]
[SourceTitle "EXT 2020"]
[Source "ChessBase"]
[SourceDate "2019.10.17"]
[SourceVersion "1"]
[SourceVersionDate "2019.10.17"]
[SourceQuality "1"]
[WhiteTeam "Ahlen SV II"]
[BlackTeam "Mengede SG"]
[WhiteTeamCountry "GER"]
[BlackTeamCountry "GER"]

1. e4 g6 2. d4 Bg7 3. Nc3 d6 4. f4 Nd7 5. Nf3 e6 6. Be3 Ne7 7. Bc4 h6 8. Qd2 0-0 9. 0-0-0 c6 10. f5 exf5 11. Bxh6 fxe4 12. Bxg7 Kxg7 13. Ng5 d5 14. Qf4 Nf6 15. Be2 Nf5 16. g4 Qd6 17. Qf2 Nh6 18. h3 Bd7 19. Rdf1 Nfg8 20. Qg2 f6 21. Ngxe4 dxe4 22. Nxe4 Qxd4 23. Kb1 Be6 24. Rd1 Qe5 25. Rhe1 Bd5 26. Bf3 Rae8 27. Qf1 Qf4 28. Qd3 b5 0-1

[Event "Ruhrgebiet VK2 1112"]
[Site "Nordrheinwestfalen"]
[Date "2011.09.18"]
[Round "1.3"]
[White "Starp, Klaus"]
[Black "Ribbeck, Oliver"]
[Result "1/2-1/2"]
[WhiteElo "1921"]
[BlackElo "1944"]
[PlyCount "51"]
[EventDate "2012.09.18"]
[EventType "team-tourn"]
[EventRounds "9"]
[EventCountry "GER"]
[SourceTitle "EXT 2020"]
[Source "ChessBase"]
[SourceDate "2019.10.17"]
[SourceVersion "1"]
[SourceVersionDate "2019.10.17"]
[SourceQuality "1"]
[WhiteTeam "Ahlen SV II"]
[BlackTeam "Dortmund FS 98 II"]
[WhiteTeamCountry "GER"]
[BlackTeamCountry "GER"]

1. e4 e5 2. Nc3 Nc6 3. g3 d6 4. Bg2 Be7 5. d3 Nf6 6. f4 0-0 7. Nf3 Re8 8. 0-0 exf4 9. Bxf4 Bg4 10. h3 Bh5 11. Qd2 Qd7 12. Nh4 Bg6 13. Rae1 Nh5 14. Nxg6 hxg6 15. Nd5 Nxf4 16. Qxf4 Bf8 17. Rf2 Nd8 18. Ref1 c6 19. Ne3 a5 20. c3 b5 21. d4 Ra7 22. Ng4 b4 23. e5 d5 24. Rc2 Ne6 25. Qd2 Rd8 26. Kh2 1/2-1/2

[Event "Muensterland op 28th"]
[Site "Senden"]
[Date "2010.10.16"]
[Round "1"]
[White "Starp, Klaus"]
[Black "Ivanov, Mikhail M"]
[Result "0-1"]
[WhiteElo "2023"]
[BlackElo "2438"]
[PlyCount "94"]
[EventDate "2010.10.16"]
[EventType "swiss"]
[EventRounds "9"]
[EventCountry "GER"]
[SourceTitle "CBM 138 Extra"]
[Source "ChessBase"]
[SourceDate "2010.10.29"]
[SourceVersion "1"]
[SourceVersionDate "2010.10.29"]
[SourceQuality "1"]

1. e4 c5 2. c3 d6 3. d4 Qc7 4. Nf3 g6 5. Bd3 Bg7 6. 0-0 Nf6 7. h3 0-0 8. Be3 e5 9. dxe5 dxe5 10. Nbd2 b6 11. Qe2 Bb7 12. Nh2 Nh5 13. Bc4 Nd7 14. Rfd1 Nf4 15. Qf1 Nf6 16. g3 Bc8 17. Bxf4 exf4 18. g4 Bb7 19. f3 h5 20. Qg2 hxg4 21. Nxg4 Nh5 22. Nf1 Kh7 23. Rd2 Bc6 24. Rad1 b5 25. Bd5 b4 26. cxb4 cxb4 27. Rc1 Qb6+ 28. Qf2 Bxd5 29. exd5 Rac8 30. Qxb6 axb6 31. Rc6 Rxc6 32. dxc6 Rc8 33. Rc2 f5 34. Nf2 Nf6 35. Nd3 Nd5 36. Kf2 g5 37. Ke2 Kg6 38. Nd2 Re8+ 39. Kd1 Ne3+ 40. Kc1 Nxc2 41. Kxc2 Rc8 42. Nxb4 Bf8 43. Kb3 Bxb4 44. Kxb4 Rxc6 45. Kb5 Rc5+ 46. Kb4 Rd5 47. Nc4 b5 0-1

[Event "Ruhrgebiet Regionalliga 0708"]
[Site "Germany"]
[Date "2008.04.13"]
[Round "8.8"]
[White "Starp, Klaus"]
[Black "Matzat, Andre"]
[Result "1/2-1/2"]
[WhiteElo "2017"]
[BlackElo "2055"]
[PlyCount "39"]
[EventDate "2007.09.16"]
[EventType "team"]
[EventRounds "9"]
[EventCountry "GER"]
[SourceTitle "EXT 2009"]
[Source "ChessBase"]
[SourceDate "2008.11.26"]
[SourceVersion "1"]
[SourceVersionDate "2008.11.26"]
[SourceQuality "1"]
[WhiteTeam "Ahlen"]
[BlackTeam "Essen Borbeck"]
[WhiteTeamCountry "GER"]
[BlackTeamCountry "GER"]

1. e4 c5 2. c3 Nf6 3. e5 Nd5 4. d4 cxd4 5. Nf3 e6 6. cxd4 d6 7. a3 Bd7 8. Bd3 Bc6 9. 0-0 Nd7 10. Re1 Qc7 11. Nbd2 Be7 12. Nc4 dxe5 13. Ncxe5 Nxe5 14. Nxe5 0-0 15. Qc2 h6 16. Be3 Rfc8 17. Qd2 Nxe3 18. Qxe3 Bd5 19. Rac1 Qd8 20. f4 1/2-1/2